00487nam a2200193 a 450000100060000000300090000600800410001502000150005604000280007108200160009910000210011524500260013626000320016230000110019449000190020565000210022465000220024565000260026720049CO-ViMGA141112s2004 ck r 000 u spa d a9580465142 aCO-ViMGAbspacCO-ViMGA04a863.6 B785m1 aBrunori, Rodrigo10aMe manda Stradivarius aBogotá : bNormas, c2002 a158 p. aLa otra orilla14aMUSICOS - NOVELA14aNOVELA ESPAÑOLA14aSTRADIVARIUS, ANTONIO